| 000 | 01199nam a2200325 i 4500 | ||
|---|---|---|---|
| 001 | 12172 | ||
| 003 | KOSZ 005 | ||
| 005 | 20250724063749.0 | ||
| 008 | 070614s1969 pl a f f 001 0 pol | ||
| 015 | _aPB 1970/641 | ||
| 040 |
_aWA N _cKOSZ 005/RW _dKOSZ 005/RW |
||
| 041 | 0 |
_apol _heng |
|
| 080 | _a53 | ||
| 100 | 1 |
_aKittel, Charles _d(1916- ) _eAutor |
|
| 245 | 1 | 0 |
_aMechanika / _cCharles Kittel, Walter D. Knight, Malvin A. Ruderman ; [z ang. tł. Helena Hofmokl, Halina Chęcińska]. |
| 246 | 1 |
_iTyt. oryg.: _aMechanics. |
|
| 260 |
_aWarszawa : _bPaństwowy Wydawnictwo Naukowe, _c1969. |
||
| 300 |
_a518, [1] s. : _bil., err. ; _c25 cm. |
||
| 380 | _aKsiążki. | ||
| 504 | _aBibliogr. przy rozdz. Indeks. | ||
| 650 | 4 | _aMechanika | |
| 655 | 4 | _aPodręcznik | |
| 700 | 1 |
_aKnight, Walter D. _eAutor |
|
| 700 | 1 |
_aRuderman, Malvin A. _eAutor |
|
| 710 | 2 |
_aPaństwowe Wydawnictwo Naukowe _4pbl. |
|
| 700 | 1 |
_aChęcińska, Maria Halina _d(1910-1986) _eTłumaczenie |
|
| 700 | 1 |
_aHofmokl, Helena _eTłumaczenie |
|
| 856 |
_uhttp://koha.tu.koszalin.pl/cgi-bin/koha/opac-detail.pl?biblionumber=12172 _yKatalog online BPK |
||
| 942 |
_2UKD _cKS |
||
| 999 |
_c12172 _d12172 |
||